| 000 | 00701cab a2200265 4500 | ||
|---|---|---|---|
| 001 | ABS60560 | ||
| 008 | 090401t1999 xxu||||| |||| 00| 0 eng d | ||
| 035 | _a(Sirsi) u93115 | ||
| 041 | _aeng | ||
| 100 | _aMartin, J. | ||
| 245 | _aTemporary difficulty | ||
| 260 | _c1999 | ||
| 350 | _a0 | ||
| 490 |
_aEstates Gazette _v(9916) 24 April 1999, 153(1) |
||
| 650 | _aCESSATION | ||
| 650 | _aI`M YOUR MAN LTD V SOS ENVIRONMENT | ||
| 650 | _aPERMANENT PLANNING PERMISSION | ||
| 650 | _aPLANNING CONDITIONS | ||
| 650 | _aPLANNING PERMISSION | ||
| 650 | _aTEMPORARY PLANNING PERMISSION | ||
| 690 | _aPLANNING LAW AND PRACTICE | ||
| 700 | _aEdwards, M. | ||
| 942 | _n0 | ||
| 948 | _c04/05/1999 | ||
| 999 |
_c59011 _d59011 |
||